Law as a tool for empowering women within marital relations : a case study of paternity lawsuits in Egypt /

محفوظ في:

المؤلف الرئيسي: Ahmed Zaki, Hind (مؤلف)

التنسيق: كتاب

اللغة: English

منشور في: Cairo ; New York : American University in Cairo Press, 2012.

سلاسل: Cairo Papers in Social Science ; 31/2.
Cairo Papers ; 31/2.

الموضوعات:

الوسوم: إضافة وسم

لا توجد وسوم, كن أول من يضع وسما على هذه التسجيلة!

رقم الطلب: H1 .C21 v.31/2

LEADER 01542namaa2200373 4500
001 21662
003 OSt
005 20250807101150.0
008 130303s2012 ua g b 000 0 eng d
020 |a 9789774165085 
040 |c ARCE Library 
041 0 |a eng  |b ara 
043 |a f-ua--- 
050 4 |a H1 .C21 v.31/2 
100 1 |6 880-01  |a Ahmed Zaki, Hind,  |e author 
245 1 0 |a Law as a tool for empowering women within marital relations :   |b a case study of paternity lawsuits in Egypt /   |c Hind Ahmed Zaki.  
246 3 5 |a Qānūn ka-adāh li-tamkīn al-marʼah dākhil al-ʻalāqāt al-zawjīyah. 
264 1 |a Cairo ;   |a New York :   |b American University in Cairo Press,   |c 2012. 
300 |a iv, 119 pages ;   |c 22 cm. 
490 1 |a Cairo Papers in Social Science ;   |v 31/2. 
490 1 |a Cairo Papers ;   |v 31/2. 
500 |a Summer 2008. 
504 |a Includes bibliographical references (pages 109-111). 
505 0 |a Researching paternity lawsuits : theoretical framework and methodology -- The context of paternity lawsuits in Egypt -- Women's narratives on paternity lawsuits -- Concluding remarks on laws, litigation, and social change 
546 |a Summary and added t.p. in Arabic. 
650 0 |a Actions and defenses  |z Egypt.  
650 0 |a Paternity  |z Egypt.   |9 11599 
650 0 |a Women  |x Law and legislation  |z Egypt. 
830 0 |a Cairo Papers in Social Science ;   |v 31/2. 
830 0 |a Cairo Papers ;   |v 31/2. 
880 1 |6 100-01/(3/r  |a أحمد زكي, هند 
901 |a reviewed 
942 |c BK  |2 lcc 
999 |c 21888  |d 21888